Tha state and the railways (Registro nro. 25676)
[ vista simple ]
| 000 -LEADER | |
|---|---|
| fixed length control field | 00343 a2200121 4500 |
| 001 - CONTROL NUMBER | |
| control field | ART_11622 |
| 005 - DATE AND TIME OF LATEST TRANSACTION | |
| control field | 20260410161858.0 |
| 008 - FIXED-LENGTH DATA ELEMENTS--GENERAL INFORMATION | |
| fixed length control field | 260409a |
| 100 1# - MAIN ENTRY--PERSONAL NAME | |
| Personal name | Walras, Léon |
| 245 10 - TITLE STATEMENT | |
| Title | Tha state and the railways |
| 700 1# - ADDED ENTRY--PERSONAL NAME | |
| Personal name | Holmes, P. |
| 773 0# - HOST ITEM ENTRY | |
| Title | Journal of public economics |
| Related parts | - Vol. 13, Nº 1 (feb. 1980) |
| Record control number | REV11485 |
No hay ítems disponibles.